[Event "Pan American-ch School U15"]
[Site "Medellin"]
[Date "2019.11.16"]
[Round "8"]
[White "Campos Perilla, Felix Santiago"]
[Black "Higarrero, Juan David"]
[Result "0-1"]
[WhiteElo "1492"]
[BlackElo "1635"]
[PlyCount "108"]
[EventDate "2019.11.12"]
[EventType "swiss"]
[EventRounds "9"]
[EventCountry "COL"]
[SourceTitle "CBM 193 Extra"]
[Source "ChessBase"]
[SourceDate "2020.01.31"]
[SourceVersion "1"]
[SourceVersionDate "2020.01.31"]
[SourceQuality "1"]

1. e4 e5 2. Nf3 d6 3. Bc4 Be7 4. d3 h6 5. h3 Nf6 6. c3 0-0 7. 0-0 Nbd7 8. Nbd2 a6 9. d4 b5 10. Bb3 Bb7 11. Re1 Nh7 12. Bc2 Ng5 13. Nxg5 Bxg5 14. Nf3 Be7 15. b4 exd4 16. cxd4 d5 17. a3 dxe4 18. Bxe4 Bxe4 19. Rxe4 Nf6 20. Re2 Nd5 21. Qd2 Qd6 22. Bb2 Qf6 23. Rae1 Bd6 24. Ne5 Rad8 25. Re4 Bxe5 26. dxe5 Qe6 27. Rd4 Rd7 28. Rd1 Rfd8 29. Qd3 Nb6 30. Rxd7 Rxd7 31. Qe2 Rxd1+ 32. Qxd1 Nc4 33. Qd8+ Kh7 34. Qd3+ Qg6 35. Qxg6+ Kxg6 36. Bc1 Nxe5 37. g4 f5 38. Bf4 Kf6 39. Kg2 g5 40. Bxe5+ Kxe5 41. gxf5 Kxf5 42. Kf3 h5 43. Ke3 h4 44. f3 Ke5 45. Ke2 Kf4 46. Kf2 c6 47. Ke2 Kg3 48. Ke3 Kxh3 49. Kf2 Kh2 50. Ke3 Kg3 51. f4 gxf4+ 52. Kd4 h3 53. Kc5 h2 54. Kb6 h1Q 0-1

[Event "Pan American-ch School U15"]
[Site "Medellin"]
[Date "2019.11.14"]
[Round "5"]
[White "Molina Hun, Hieysson"]
[Black "Higarrero, Juan David"]
[Result "1/2-1/2"]
[WhiteElo "1476"]
[BlackElo "1635"]
[PlyCount "69"]
[EventDate "2019.11.12"]
[EventType "swiss"]
[EventRounds "9"]
[EventCountry "COL"]
[SourceTitle "CBM 193 Extra"]
[Source "ChessBase"]
[SourceDate "2020.01.31"]
[SourceVersion "1"]
[SourceVersionDate "2020.01.31"]
[SourceQuality "1"]

1. c4 Nf6 2. d4 e5 3. dxe5 Ng4 4. Nf3 Bc5 5. e3 Nc6 6. g3 0-0 7. Bg2 Ngxe5 8. Nxe5 Nxe5 9. 0-0 d6 10. b3 Rb8 11. Qc2 Qf6 12. Bb2 Bf5 13. Qc3 a6 14. Nd2 Qh6 15. Nf3 Ng4 16. Nh4 Bd7 17. h3 Ne5 18. b4 Ba7 19. Kh2 f6 20. Qc2 Qh5 21. Rac1 g5 22. Nf5 g4 23. Nh4 gxh3 24. Bd5+ Kh8 25. Bxe5 fxe5 26. Qd1 Qxd1 27. Rcxd1 Rf6 28. Rd3 c6 29. Be4 Re8 30. f3 d5 31. cxd5 cxd5 32. Rxd5 Bc6 33. Rdd1 Bxe3 34. Bxc6 bxc6 35. Kxh3 1/2-1/2

[Event "Tunja Boyacense op"]
[Site "Tunja"]
[Date "2018.12.15"]
[Round "5"]
[White "Higarrero, Juan David"]
[Black "Gonzalez Lopez, Eulises"]
[Result "0-1"]
[WhiteElo "1700"]
[BlackElo "1600"]
[PlyCount "126"]
[EventDate "2018.12.13"]
[EventType "swiss"]
[EventRounds "7"]
[EventCountry "COL"]
[SourceTitle "CBM 187 Extra"]
[Source "ChessBase"]
[SourceDate "2018.11.04"]
[SourceVersion "1"]
[SourceVersionDate "2018.11.04"]
[SourceQuality "1"]

1. d4 a6 2. Nf3 b5 3. e4 Bb7 4. Bd3 Nf6 5. e5 Nd5 6. b3 e6 7. c4 bxc4 8. bxc4 Nb6 9. 0-0 c5 10. dxc5 Bxc5 11. Bg5 Be7 12. Bxe7 Qxe7 13. Qb3 Qc5 14. Nc3 Bxf3 15. gxf3 0-0 16. Ne4 Qc7 17. f4 Nc6 18. Bc2 Nd4 19. Qd3 Nxc2 20. Qxc2 Qxc4 21. Qxc4 Nxc4 22. Rad1 Ra7 23. Rd4 Nb6 24. Rb1 Nd5 25. Nd6 f6 26. Rc4 fxe5 27. fxe5 h6 28. Rc8 Rxc8 29. Nxc8 Rc7 30. Nd6 Nf4 31. h4 Rc1+ 32. Rxc1 Ne2+ 33. Kf1 Nxc1 34. a4 Nd3 35. Nc4 Kh7 36. Ke2 Nc5 37. Nb6 Kg6 38. Ke3 Kh5 39. Kd4 Nb3+ 40. Kc4 Nc1 41. Nxd7 Kxh4 42. Nc5 Kg4 43. Nxa6 h5 44. Nc5 h4 45. Ne4 h3 46. a5 h2 47. Ng3 g6 48. Kc3 Ne2+ 49. Nxe2 h1Q 50. Nd4 Qe1+ 51. Kc4 Qxa5 52. Ne2 Kh3 53. f3 Qxe5 54. f4 Qd5+ 55. Kc3 Kg4 56. Nc1 Qb5 57. Nd3 Qxd3+ 58. Kxd3 Kxf4 59. Ke2 e5 60. Kf2 e4 61. Kf1 g5 62. Kf2 e3+ 63. Kf1 Kf3 0-1

[Event "COL-ch"]
[Site "Bogota"]
[Date "2018.11.09"]
[Round "5"]
[White "Higarrero, Juan David"]
[Black "Martinez Murcia, John Alexander"]
[Result "1/2-1/2"]
[WhiteElo "1655"]
[BlackElo "1873"]
[PlyCount "59"]
[EventDate "2018.11.06"]
[EventType "swiss"]
[EventRounds "9"]
[EventCountry "COL"]
[SourceTitle "CBM 187 Extra"]
[Source "ChessBase"]
[SourceDate "2018.11.04"]
[SourceVersion "1"]
[SourceVersionDate "2018.11.04"]
[SourceQuality "1"]

1. c4 e5 2. g3 Nc6 3. Bg2 g6 4. Nc3 Bg7 5. e3 f5 6. Nge2 Nf6 7. 0-0 0-0 8. d4 d6 9. d5 Ne7 10. e4 fxe4 11. Nxe4 Nxe4 12. Bxe4 Bh3 13. Bg2 Qd7 14. Nc3 Rf7 15. Ne4 h6 16. Qb3 b6 17. Be3 Raf8 18. Nd2 g5 19. Bxh3 Qxh3 20. Qd3 g4 21. Qe4 Rf3 22. Kh1 R3f5 23. Rae1 Ng6 24. Qg2 Qh5 25. Ne4 Ne7 26. b4 Qg6 27. Nd2 Qf7 28. Qe4 h5 29. Kg2 Ng6 30. f3 1/2-1/2

[Event "COL-ch"]
[Site "Bogota"]
[Date "2018.11.08"]
[Round "4"]
[White "Martinez Paipa, Hernan"]
[Black "Higarrero, Juan David"]
[Result "0-1"]
[WhiteElo "1838"]
[BlackElo "1655"]
[PlyCount "34"]
[EventDate "2018.11.06"]
[EventType "swiss"]
[EventRounds "9"]
[EventCountry "COL"]
[SourceTitle "CBM 187 Extra"]
[Source "ChessBase"]
[SourceDate "2018.11.04"]
[SourceVersion "1"]
[SourceVersionDate "2018.11.04"]
[SourceQuality "1"]

1. e4 d6 2. d4 Nf6 3. Nc3 e5 4. Nf3 exd4 5. Nxd4 Bd7 6. Bc4 Nc6 7. 0-0 Be7 8. a3 0-0 9. Bg5 Ne5 10. Bb3 Nfg4 11. Qe2 h6 12. Bd2 Re8 13. f4 Bf8 14. Rae1 c5 15. Rf3 Be6 16. Qd3 Qb6 17. Kh1 Rad8 0-1

[Event "COL-chT"]
[Site "Ibague"]
[Date "2018.10.12"]
[Round "3.3"]
[White "Higarrero, Juan David"]
[Black "Arias, Juan Carlos2222"]
[Result "0-1"]
[WhiteElo "1663"]
[BlackElo "1921"]
[PlyCount "20"]
[EventDate "2018.10.11"]
[EventType "team-swiss"]
[EventRounds "6"]
[EventCountry "COL"]
[SourceTitle "CBM 186 Extra"]
[Source "ChessBase"]
[SourceDate "2018.08.24"]
[SourceVersion "1"]
[SourceVersionDate "2018.08.24"]
[SourceQuality "1"]
[WhiteTeam "Cundinamarca Juniors"]
[BlackTeam "Norte de Santander"]
[WhiteTeamCountry "COL"]
[BlackTeamCountry "COL"]

1. d4 c5 2. c4 Nf6 3. Nf3 cxd4 4. Nxd4 Nc6 5. Nc3 g6 6. e4 Bg7 7. Be3 0-0 8. Be2 d6 9. 0-0 Bd7 10. f4 Qb6 0-1

[Event "Zipaquira U17 op"]
[Site "Zipaquira"]
[Date "2018.09.08"]
[Round "4"]
[White "Higarrero, Juan David"]
[Black "Macias Chavarro, Manuela"]
[Result "1/2-1/2"]
[WhiteElo "1611"]
[BlackElo "1641"]
[PlyCount "58"]
[EventDate "2018.09.07"]
[EventType "swiss"]
[EventRounds "5"]
[EventCountry "COL"]
[SourceTitle "CBM 186 Extra"]
[Source "ChessBase"]
[SourceDate "2018.08.24"]
[SourceVersion "1"]
[SourceVersionDate "2018.08.24"]
[SourceQuality "1"]

1. d4 d5 2. Nf3 c5 3. e3 Nc6 4. Bb5 a6 5. Bxc6+ bxc6 6. Nbd2 e6 7. c4 Nf6 8. 0-0 Bd6 9. Qc2 Qc7 10. dxc5 Bxc5 11. cxd5 cxd5 12. Nb3 Bd6 13. Qxc7 Bxc7 14. Bd2 0-0 15. Bb4 Re8 16. Rac1 Bb6 17. Bc5 Bc7 18. Bd4 Bd6 19. Rc6 Ne4 20. Nfd2 Nxd2 21. Nxd2 Bb4 22. Nb3 Bd7 23. Rb6 Rab8 24. Rxb8 Rxb8 25. Rc1 Rc8 26. Rxc8+ Bxc8 27. Nc5 Kf8 28. a3 Bxc5 29. Bxc5+ Ke8 1/2-1/2

[Event "Zipaquira U17 op"]
[Site "Zipaquira"]
[Date "2018.09.07"]
[Round "1"]
[White "Campos Perilla, Angie Catalina"]
[Black "Higarrero, Juan David"]
[Result "0-1"]
[WhiteElo "1244"]
[BlackElo "1611"]
[PlyCount "104"]
[EventDate "2018.09.07"]
[EventType "swiss"]
[EventRounds "5"]
[EventCountry "COL"]
[SourceTitle "CBM 186 Extra"]
[Source "ChessBase"]
[SourceDate "2018.08.24"]
[SourceVersion "1"]
[SourceVersionDate "2018.08.24"]
[SourceQuality "1"]

1. e4 c6 2. d4 d5 3. e5 Bf5 4. c4 e6 5. Nc3 Bb4 6. Qb3 Bxc3+ 7. Qxc3 Ne7 8. Nf3 h6 9. Be2 0-0 10. 0-0 Nd7 11. Be3 dxc4 12. Qxc4 Nb6 13. Qc1 Nbd5 14. Rd1 Nxe3 15. fxe3 Qb6 16. h3 Rac8 17. Bd3 Bxd3 18. Rxd3 c5 19. Rb3 Qc6 20. Rc3 b6 21. b4 Nd5 22. Rc4 Nxb4 23. Qa3 Qb5 24. Rac1 Qa6 25. Qxa6 Nxa6 26. a3 b5 27. R4c2 c4 28. Rb1 Nc7 29. Nd2 a6 30. Ne4 Nd5 31. Kf2 f6 32. exf6 Nxf6 33. Nc5 Ne4+ 34. Kg1 Nxc5 35. dxc5 Rxc5 36. e4 Rf4 37. Re2 Re5 38. Rbe1 a5 39. g3 Rf3 40. Re3 Rxe3 41. Rxe3 b4 42. axb4 axb4 43. Kf2 b3 44. Kf3 b2 45. Re1 c3 46. Kf4 Rb5 47. g4 b1Q 48. Rxb1 Rxb1 49. Ke5 c2 50. Kxe6 c1Q 51. e5 Qc6+ 52. Kf5 Rf1# 0-1

[Event "Bogota Mayores Alcaldia op 8th"]
[Site "Bogota"]
[Date "2018.06.11"]
[Round "7"]
[White "Castillo Barajas, Jonhatan"]
[Black "Higarrero, Juan David"]
[Result "1/2-1/2"]
[WhiteElo "1803"]
[BlackElo "1565"]
[PlyCount "56"]
[EventDate "2018.06.08"]
[EventType "swiss"]
[EventRounds "7"]
[EventCountry "COL"]
[SourceTitle "CBM 184 Extra"]
[Source "ChessBase"]
[SourceDate "2018.06.28"]
[SourceVersion "1"]
[SourceVersionDate "2018.06.28"]
[SourceQuality "1"]

1. e4 c5 2. Nf3 d6 3. c3 Nf6 4. Qc2 Nc6 5. Be2 Bg4 6. d3 e6 7. Be3 Rc8 8. Nbd2 Be7 9. 0-0 0-0 10. Rfc1 d5 11. Qd1 Bxf3 12. Nxf3 d4 13. cxd4 cxd4 14. Bg5 h6 15. Bh4 e5 16. Bg3 Bd6 17. Nh4 Qd7 18. Nf5 Ne7 19. Nxd6 Qxd6 20. Rxc8 Rxc8 21. Rc1 Rxc1 22. Qxc1 Nc6 23. h3 Qb4 24. a3 Qb5 25. Qd2 Qb3 26. Bd1 Qe6 27. b4 a6 28. Qb2 Na7 1/2-1/2

[Event "Bogota Mayores Alcaldia op 8th"]
[Site "Bogota"]
[Date "2018.06.10"]
[Round "5"]
[White "Galeano Tinjaca, Hector Henry"]
[Black "Higarrero, Juan David"]
[Result "0-1"]
[WhiteElo "1587"]
[BlackElo "1565"]
[PlyCount "82"]
[EventDate "2018.06.08"]
[EventType "swiss"]
[EventRounds "7"]
[EventCountry "COL"]
[SourceTitle "CBM 184 Extra"]
[Source "ChessBase"]
[SourceDate "2018.06.28"]
[SourceVersion "1"]
[SourceVersionDate "2018.06.28"]
[SourceQuality "1"]

1. d4 Nf6 2. Bf4 d5 3. Nc3 c6 4. e3 Bf5 5. h3 h6 6. Nf3 e6 7. a3 Nbd7 8. Ne5 Nxe5 9. Bxe5 Bd6 10. Bxd6 Qxd6 11. Be2 h5 12. Bf3 g5 13. Qe2 b5 14. g3 Ne4 15. Nxe4 Bxe4 16. Bxe4 dxe4 17. b4 a5 18. c3 axb4 19. cxb4 Qxb4+ 20. Qd2 Qxd2+ 21. Kxd2 Ra6 22. Rhc1 Kd7 23. Rc2 Rha8 24. Rca2 c5 25. dxc5 Kc6 26. Kc3 Kxc5 27. Kb3 Rd8 28. Rc1+ Kb6 29. Rac2 Rd3+ 30. Rc3 e5 31. Rxd3 exd3 32. e4 Ka5 33. Rd1 Rd6 34. Rd2 g4 35. h4 Rd4 36. Kc3 Ka4 37. Kb2 Rxe4 38. Rxd3 Re2+ 39. Ka1 Rxf2 40. Rd8 e4 41. Rd4+ Kxa3 0-1

[Event "COL-ch sf"]
[Site "Ubate"]
[Date "2017.10.15"]
[Round "3"]
[White "Higarrero, Juan David"]
[Black "Mora, Luis Jose"]
[Result "1/2-1/2"]
[WhiteElo "1536"]
[BlackElo "1900"]
[PlyCount "83"]
[EventDate "2017.10.14"]
[EventType "swiss"]
[EventRounds "6"]
[EventCountry "COL"]
[SourceTitle "CBM 181 Extra"]
[Source "ChessBase"]
[SourceDate "2017.12.12"]
[SourceVersion "1"]
[SourceVersionDate "2017.12.12"]
[SourceQuality "1"]

1. d4 d5 2. c4 e6 3. Nc3 f5 4. cxd5 exd5 5. f3 Bd6 6. Be3 c6 7. Bf2 Nf6 8. e3 0-0 9. Bd3 Qe7 10. Nge2 g6 11. 0-0 Nbd7 12. Qc2 Re8 13. Rfe1 Nh5 14. f4 Ndf6 15. Ng3 Nxg3 16. Bxg3 Be6 17. Be2 Ne4 18. Nxe4 fxe4 19. Qd1 Rf8 20. Bg4 Rf7 21. Bh4 Qd7 22. h3 Raf8 23. Bxe6 Qxe6 24. Bg5 Kg7 25. Qg4 Qxg4 26. hxg4 Bb4 27. Re2 Be7 28. Bxe7 Rxe7 29. b4 Rc8 30. Rc2 Rec7 31. Rac1 Kf6 32. a4 Ke7 33. a5 a6 34. g5 h6 35. gxh6 Rh8 36. g4 Rxh6 37. Rh2 Rxh2 38. Kxh2 Kf6 39. Kg3 Rh7 40. Rf1 Rh8 41. Rc1 Rh7 42. Rf1 1/2-1/2

[Event "COL-chT"]
[Site "Ibague"]
[Date "2017.07.21"]
[Round "5.4"]
[White "Gomez Loaiza, Jhon Fredy"]
[Black "Higarrero, Juan David"]
[Result "1-0"]
[WhiteElo "1991"]
[BlackElo "1467"]
[PlyCount "63"]
[EventDate "2017.07.19"]
[EventType "team-swiss"]
[EventRounds "6"]
[EventCountry "COL"]
[SourceTitle "CBM 179 Extra"]
[Source "ChessBase"]
[SourceDate "2017.08.23"]
[SourceVersion "1"]
[SourceVersionDate "2017.08.23"]
[SourceQuality "1"]
[WhiteTeam "Caldas II"]
[BlackTeam "Cundinamarca Juvenil"]
[WhiteTeamCountry "COL"]
[BlackTeamCountry "COL"]

1. d4 Nf6 2. c4 g6 3. Nf3 Bg7 4. Nc3 0-0 5. g3 d6 6. Bg2 Nbd7 7. 0-0 Re8 8. e4 e5 9. d5 Nc5 10. Qc2 a5 11. h3 Nfd7 12. Be3 Na6 13. a3 Ndc5 14. Rae1 f5 15. Bg5 Bf6 16. Bxf6 Qxf6 17. Nd2 f4 18. Rb1 g5 19. b4 axb4 20. axb4 Nd7 21. Nb5 Re7 22. Qd3 h5 23. Rfc1 g4 24. c5 gxh3 25. Bxh3 Ndxc5 26. Qf1 Bxh3 27. Qxh3 fxg3 28. bxc5 Qxf2+ 29. Kh1 Rg7 30. Rg1 Qxd2 31. Rxg3 Qf4 32. Rxg7+ 1-0

[Event "Bogota Distrital-ch 78th"]
[Site "Bogota"]
[Date "2016.04.08"]
[Round "1"]
[White "Higarrero, Juan David"]
[Black "Olarte Parra, Jhoan Sebastian"]
[Result "0-1"]
[WhiteElo "1398"]
[BlackElo "2028"]
[PlyCount "33"]
[EventDate "2016.04.08"]
[EventType "swiss"]
[EventRounds "6"]
[EventCountry "COL"]
[SourceTitle "CBM 172 Extra"]
[Source "ChessBase"]
[SourceDate "2016.06.21"]
[SourceVersion "1"]
[SourceVersionDate "2016.06.21"]
[SourceQuality "1"]

1. d4 Nf6 2. c4 c5 3. e3 g6 4. g3 Bg7 5. Nf3 0-0 6. Nc3 cxd4 7. exd4 d5 8. b3 Bf5 9. Bg2 Nc6 10. c5 Ne4 11. Ne2 Nxc5 12. Nf4 Ne4 13. Bb2 Qa5+ 14. Nd2 Nxd4 15. Bxe4 Bxe4 16. Rf1 Nf3+ 17. Ke2 0-1